| 000 | 00395nam a2200157Ia 4500 | ||
|---|---|---|---|
| 003 | LK-CoDNM | ||
| 008 | 010623t1913 xxu||||| |||| 00| 1 Illegeible d | ||
| 040 |
_aLK-CoDNM _dLK-CoDNM _eLK-CoDNM |
||
| 041 | _aIllegeible | ||
| 080 | _a14 B 12 | ||
| 100 | _aGuenther,Konrad. | ||
| 245 | _aBendschels Luginsland | ||
| 260 |
_bFrankfurt _a? _c1913 |
||
| 300 | _b143p,ill,maps., 20 cm | ||
| 942 | _cBK | ||
| 999 |
_c87667 _d87667 |
||